00600nam a2200181Ia 4500008004100000082001800041100002700059245004000086250000800126260002700134300001100161500002400172650001500196700005100211942000700262952013200269999001700401230524s9999 xx 000 0 und d a660.6092bMEH aPuneet Mehrotra923450 4aThe New Hand Book of Bioinformatics a1ST aNEW DELHIbVikasc2005 aVI;356 aQuantity Number: 1 aBiomedical a" Kumud Sarin , Swapna K.Srivastava,,,"923451 cBK 00104070aTATCLbTATCLcGENd2023-05-24l1o660.6092 MEHp10091q2015-06-01r2024-02-02s2024-02-02w2023-05-24yBKzBSCM2201 c35027d35027